Estadísticas para Entidades Federativas de México (Español-Spanish)

Haz click aquí para tomar la prueba!

Estadísticas generales

  • Esta prueba ha sido tomada 4.799 veces
    (3.154 desde el último reinicio)
  • La puntuación promedio es 23 de 32

Estadísticas de respuestas

Respuesta% Correcto
2Baja California
94%
3Baja California Sur
84%
30Veracruz
84%
26Sonora
83%
6Chihuahua
82%
31Yucatán
81%
14Jalisco
78%
20Oaxaca
77%
5Chiapas
77%
19Nuevo León
77%
15México Estado
76%
9Ciudad de México
75%
23Quintana Roo
75%
25Sinaloa
73%
1Aguascalientes
71%
12Guerrero
71%
8Colima
70%
10Durango
69%
21Puebla
69%
28Tamaulipas
68%
7Coahuila
68%
4Campeche
67%
32Zacatecas
65%
24San Luís Potosí
65%
18Nayarit
64%
27Tabasco
64%
16Michoacán
61%
29Tlaxcala
61%
11Guanajuato
58%
22Querétaro
57%
13Hidalgo
57%
17Morelos
55%

Distribución de puntuación

Porcentaje por número respondido

Porcentaje de gente con cada puntuación

Historial de tus puntuaciones

No has tomado esta prueba desde el último reinicio